Hong Kong in figures 1983

Guardado en:
Detalles Bibliográficos
Formato: Libro
Lenguaje:inglés
Publicado: Hong Kong Census and Statistics Department 1983
Etiquetas: Agregar Etiqueta
Sin Etiquetas, Sea el primero en etiquetar este registro!

MARC

LEADER 00000nam a2200000 4500
001 c131261
005 20041019155251.8
041 0 |a eng 
044 |a GB 
245 1 0 |a Hong Kong in figures 1983 
264 1 |a Hong Kong  |b Census and Statistics Department  |c 1983 
300 |a Nestr.